Österreich nach Buchstabe - Z - Statistiken

Allgemein
  • Dieses Quiz wurde 61 mal gespielt
  • Das Durchschnittsergebnis liegt bei 11 aus 20
Antwortstatistiken
Hinweis Antwort % Korrekt
Alternative zum Grundwehrdienst Zivildienst
93%
Höchster Berg Deutschlands, Massiv liegt teilweise in Tirol Zugspitze
87%
Berühmteste Oper von Mozart Zauberflöte
80%
Hauptnachrichtensendung des ORF Zeit im Bild
80%
Bonbon Zuckerl
78%
Tiroler Fluss, nach dem ein bekanntes Tal benannt wurde, Heimat der "Schürzenjäger" Ziller
73%
Woraus Powidl hergestellt wird Zwetschken
73%
Ort des einzigen Kernkraftwerks in Österreich (nie in Betrieb) Zwentendorf
64%
Hier liegen die meisten Gräber Europas Zentralfriedhof
62%
Letzte Kaiserin (Kaisergattin) Österreichs Zita von Bourbon-Parma
53%
Schönbrunn oder Herberstein Zoo
49%
Zweitälteste Stadt Österreichs Zwettl
49%
Schriftsteller ("Schachnovelle") Zweig
47%
Salzburger See am Steinernen Meer Zeller See
44%
Hier findet am Militärflugplatz jährlich die "AirPower"-Flugshow statt Zeltweg
44%
1984-1994 Bürgermeister von Wien Zilk
40%
Bekam 2022 den Physik-Nobelpreis für seine Quantenforschung Zeilinger
38%
Steppensee im Burgenland, der regelmäßig austrocknet Zicksee
31%
Höchster Berg der Stubaier Alpen Zuckerhütl
11%
Tal in Tirol, wo eine Hängebrücke über einen Speichersee zu einer Touristenattraktion wurde Zamser Grund
9%
Keine übereinstimmenden Quizze gefunden
Verteilung der Resultate
Anzahl Personen mit jedem Resultat
Perzentil nach korrekt beantworteten Fragen
Ihre Resultats-Entwicklung
Sie haben dieses Quiz noch nicht gespielt